Historia de los conflictos entre la religión y la ciencia

Na minha lista:
Detalhes bibliográficos
Autor principal: Draper, Juan
Formato: Livro
Idioma:espanhol
Publicado em: Compañia Argentina. 1962.
Assuntos:
Tags: Adicionar Tag
Sem tags, seja o primeiro a adicionar uma tag!

MARC

LEADER 00000nam a22000005a 4500
001 8566
003 CL-ChBUA
005 20120815103119.0
008 070301s1962 ag 000 0 spa
040 |a CL-ChBUA  |c CL-ChBUA 
082 0 0 |a 215 
090 |c 8566  |d 8566 
100 1 |a Draper, Juan. 
245 1 0 |a Historia de los conflictos entre la religión y la ciencia 
260 |b Compañia Argentina.  |c 1962. 
300 |a 238 p.  |c 20 cm. 
504 |a Indice. 
650 4 |a RELIGION Y CIENCIA. 
942 |c LIB 
952 |0 0  |1 0  |2 ddc  |4 0  |6 215_000000000000000_D_765  |7 0  |9 12835  |a UNACH  |b UNACH  |c 200  |d 2007-03-05  |i 17.052.  |l 7  |m 1  |o 215 / D 765.  |p 13834  |r 2026-04-06 21:29:46  |s 2020-08-26  |u 12835  |w 2012-08-08  |y LIB 
999 |c 8566  |d 8566